000 00736nam a2200289Ia 4500
005 20260324140852.0
008 008 260324s9999 xx 000 0 eng d
020 _a9780203760697
037 _aEBOOK
040 _aCRL
040 _beng
040 _cCRL
041 _2eng
041 _aeng
084 _qCRL
100 _aMoira Ferguson
_91206040
245 0 _aNine Black Women
245 3 _bAn Anthology of Nineteenth-Century Writers from the United States, Canada, Bermuda and the Caribbean
260 _bTaylor and Francis
260 _c1998
365 _a
365 _b185
856 _uhttp://www.taylorfrancis.com/books/9780203760697
942 _cEBOOK
999 _c1808546
_d1808546